01553njm a2200277Ia 4500001000600000003000900006005001700015008004100032040001300073040001300086041001300099100002000112100001800132100003800150245006400188250001100252260001100263260007000274300001700344300003000361500040900391505026800800511007301068650005301141700008101194G8703IT-RoPAU20220918181201.0131025s9999 xx 000 0 und d aIT-RoPAU cIT-RoPAU aITALIANO aDi Mario Angelo eAutore musica gCodice autore musica SPICS: 10868 aSogno di Natale (Il): rappresentazione teatrale per bambini a1a ed. aMILANO bMULTIMEDIA SAN PAOLOc2001 [1a Ed.:2001 - Ed. Lingua Orig.: 2001] aMUSICASSETTA c29 minuti (Testo: 0 pag.) aMusica religiosa natalizia per bambini. Sequenza di canti eseguiti come rappresentazione teatrale, Cambiando lo scenario secondo l'indirizzo del canto da eseguire. 8 canti natalizi eseguiti in coro. Delegato alla produzione: Giulio Neroni; studio di registrazione: Synthesia; Mixaggio: Giovanni Formosa; disegni: Maria Grazia Andreoli; grafica: Marco Animobono. Vedere lo spartito omonimo (Codice G8704). aNatale tutti insieme (4:43) - Natale con la mamma (3:37) - Natale dell'immigrata (3:23) - Natale del ragazzo prepotente (3:50) - Natale in carcere (4:17) - Natale con il papà (2:47) - Natale del vecchio (3:30) - Natale in famiglia (4:03). Lato 2: basi musicali. aCoro "Le Piccole Voci" di Angelo di Mario diretto da Angelo Di Mario aNATALIZIO [CASSETTE]eCodice MATERIA SPICS: 9951 aBenassi AnnaeAutore testo e musicagCodice autore testo/musica SPICS: 55923